00934nam a2200265 a 450000100060000000300080000600500170001400800410003103500190007204000270009104100080011808200240012610000400015024501100019026000390030030000260033950000190036550500130038465000340039770000270043170000280045894200120048699900170049895201530051555325BD-RjUL20211209080240.0111116s1963 enk 000 0 eng  a(BD-RjUL)55447 aDLCcDLCdBD-RjULbeng aeng 223a515.1bBEC 19631 aBermant, Anisim Fedorovich.916483512aA course of mathematical analysis /cAnisim Fedorovič Bermant, Translated by D. E. Brown, I. N. Sneddon aNew York :bPergamon Press,c1963. aPt. :bill. ;c23 cm. aIncludes Index0 aPt. 2 -- aMathematical analysis9164836 aBrown, D. E. 9132994 aSneddon, I. N. 9164837 2ddccBK c55325d55325 00102ddc40708NFICaRUCLbRUCLcStackd1973-08-30eNational Book agencyg66.00l0o515.1 BEC Pt.-2 1963r2016-11-16 00:00:00tC-2w2021-12-09yBK